mysqli: Table './ulib62015/stat_globaluid' is marked as crashed and should be repaired
select id from stat_globaluid where statuid='20260517205410_1221'
mysqli: Table './ulib62015/stat_globaluid' is marked as crashed and should be repaired
DELETE FROM stat_globaluid
WHERE id NOT IN (
SELECT id
FROM (
SELECT id
FROM stat_globaluid
ORDER BY id DESC
LIMIT 100
) foo
);
mysqli: Table './ulib62015/stat_globaluid' is marked as crashed and should be repaired
insert into stat_globaluid set
statuid='20260517205410_1221',
dt='1779026050',
phpself='/ULIB62015/dublinfull.php',
agent='Mozilla/5.0 AppleWebKit/537.36 (KHTML, like Gecko; compatible; ClaudeBot/1.0; +claudebot@anthropic.com)',
yea='2026',
mon='5',
dat='17',
ip='216.73.216.45'
mysqli: Table './ulib62015/stathist_viewbib_bib_type' is marked as crashed and should be repaired
insert into stathist_viewbib_bib_type set
dat='17' ,
mon='05' ,
yea='2026' ,
statuid='20260517205410_1221' ,
head='13399120338' ,
foot='marc' ,
dt='1779026050'
| LEADER : 00000nam 2200000uu 4500 |
| 008 121121s||||||||th 000 0 tha d |
| 020 ^a9786167042602
|
| 050 4 ^aRA780^bพ199
|
| 100 0 ^aพนิดา อนันต์รัตนสุข
|
| 245 10 ^aเรื่องน่ารู้คู่สุขภาพ /^cพนิดา อนันต์รัตนสุข; บรรณาธิการ:อณฎณ เชื้อไทย
|
| 260 ^aกรุงเทพฯ :^bปราชญ์,^c2553
|
| 300 ^a160 หน้า :^bภาพประกอบ
|
| 650 7 ^aสุขภาพ^vรวมเรื่อง
|
| 650 7 ^aการดูแลสุขภาพด้วยคนเอง
|
| 700 0 ^aอณฎณ เชื้อไทย,^eบรรณาธิการ
|
| 945 ^p135^l0^i019440 |
| 999 ^aยมมะณา จันทร์ฉิม
|
| คุณยังไม่ได้ล็อกอิน คุณสามารถมีกิจกรรมร่วมกับเว็บไซต์ได้ แต่ต้องล็อกอินก่อน :: |
|
|
|
| ลำดับที่ |
ประเภท |
เลขเรียก/บาร์โค้ด |
สถานที่ |
สถานะ |
| 1. |
 หนังสือ | RA780 พ199 Barcode: 019440 | หนังสือทั่วไป | บนชั้น ขอยืม |
รายการใกล้เคียง
ผู้แต่ง [พนิดา อนันต์รัตนสุข]
หัวเรื่อง [การดูแลสุขภาพด้วยคนเอง]
|
|
ยังไม่เคยถูกคอมเมนท์
|
| คอมเมนท์ทรัพยากรรายการนี้ |
|